00238 a2200109 4500001000700000020000600007040001100013100001600024240004200040245003700082362000900119162753 a  cMagnum aByrne, Donn10aGandhi: his life was the messagelING10aGandhi: his life was the message0 a1899